[Event "Open"]
[Site "Maastricht, NL"]
[Date "2025.06.08"]
[Round "5"]
[White "Donker, Roel"]
[Black "Degraeve, Remy"]
[Result "1/2-1/2"]
[Board "5"]
[WhiteFideId "1031660"]
[BlackFideId "26024560"]
[WhiteTitle "CM"]
[BlackTitle "IM"]
[WhiteElo "2213"]
[BlackElo "2425"]
[WhiteTeam "NED"]
[BlackTeam "FRA"]
[WhiteClock "0:02:52"]
[BlackClock "0:09:40"]
[Variant "Standard"]

1. d4 {[%clk 1:30:57]}  Nf6 {[%clk 1:24:15]} 2. c4 {[%clk 1:31:15]}  e6 {[%clk 1:24:42]} 3. Nf3 {[%clk 1:31:35]}  d5 {[%clk 1:25:08]} 4. Nc3 {[%clk 1:31:54]}  dxc4 {[%clk 1:25:34]} 5. e4 {[%clk 1:32:06]}  b5 {[%clk 1:25:59]} 6. e5 {[%clk 1:32:13]}  Nd5 {[%clk 1:26:26]} 7. Nxb5 {[%clk 1:32:31]}  Nb6 {[%clk 1:26:53]} 8. Be2 {[%clk 1:32:25]}  Nc6 {[%clk 1:27:18]} 9. O-O {[%clk 1:32:11]}  Be7 {[%clk 1:27:36]} 10. Be3 {[%clk 1:32:22]}  O-O {[%clk 1:27:58]} 11. Qc1 {[%clk 1:32:42]}  Rb8 {[%clk 1:28:13]} 12. Rd1 {[%clk 1:26:44]}  Nb4 {[%clk 1:28:36]} 13. Nc3 {[%clk 1:26:42]}  Bb7 {[%clk 1:28:59]} 14. Nd2 {[%clk 1:25:12]}  Nd3 {[%clk 1:29:22]} 15. Qb1 {[%clk 1:24:25]}  f5 {[%clk 1:29:47]} 16. exf6 {[%clk 1:03:55]}  Rxf6 {[%clk 1:30:11]} 17. Nde4 {[%clk 1:01:13]}  Rg6 {[%clk 1:26:59]} 18. Bh5 {[%clk 0:50:22]}  Qe8 {[%clk 1:19:38]} 19. Bxg6 {[%clk 0:50:37]}  Qxg6 {[%clk 1:20:05]} 20. Rxd3 {[%clk 0:39:44]}  cxd3 {[%clk 1:16:42]} 21. Qxd3 {[%clk 0:39:38]}  Nd5 {[%clk 1:15:38]} 22. f3 {[%clk 0:33:50]}  Ba8 {[%clk 1:09:00]} 23. Rb1 {[%clk 0:32:22]}  Rf8 {[%clk 1:06:10]} 24. Kh1 {[%clk 0:28:46]}  Bd6 {[%clk 1:05:47]} 25. Re1 {[%clk 0:14:28]}  h6 {[%clk 1:03:24]} 26. Qd2 {[%clk 0:10:34]}  Qh5 {[%clk 0:53:37]} 27. Nxd6 {[%clk 0:08:18]}  cxd6 {[%clk 0:54:03]} 28. Ne4 {[%clk 0:07:36]}  Nb6 {[%clk 0:53:36]} 29. Bf4 {[%clk 0:06:53]}  Nc4 {[%clk 0:51:15]} 30. Qc1 {[%clk 0:07:22]}  Bd5 {[%clk 0:44:13]} 31. b3 {[%clk 0:07:11]}  Na5 {[%clk 0:44:40]} 32. Qd2 {[%clk 0:05:55]}  Nb7 {[%clk 0:41:13]} 33. Kg1 {[%clk 0:06:06]}  Qg6 {[%clk 0:40:53]} 34. Bg3 {[%clk 0:05:11]}  Rf5 {[%clk 0:26:25]} 35. Nc3 {[%clk 0:05:21]}  Nd8 {[%clk 0:26:04]} 36. Nxd5 {[%clk 0:05:26]}  Rxd5 {[%clk 0:26:30]} 37. Qc3 {[%clk 0:04:43]}  Qf6 {[%clk 0:26:25]} 38. Bf2 {[%clk 0:03:15]}  Nf7 {[%clk 0:26:45]} 39. Qc8+ {[%clk 0:02:57]}  Nd8 {[%clk 0:27:08]} 40. b4 {[%clk 0:02:01]}  Kh7 {[%clk 0:26:47]} 41. a4 {[%clk 0:01:45]}  Rg5 {[%clk 0:25:47]} 42. Qc2+ {[%clk 0:01:32]}  Kg8 {[%clk 0:25:10]} 43. Bh4 {[%clk 0:01:37]}  Rxg2+ {[%clk 0:24:47]} 44. Kxg2 {[%clk 0:01:27]}  Qxh4 {[%clk 0:25:14]} 45. Re4 {[%clk 0:01:25]}  Qg5+ {[%clk 0:23:57]} 46. Kf2 {[%clk 0:01:16]}  Qh5 {[%clk 0:22:19]} 47. h4 {[%clk 0:01:34]}  Qf5 {[%clk 0:20:36]} 48. Qc8 {[%clk 0:01:46]}  Qf6 {[%clk 0:21:04]} 49. Kg3 {[%clk 0:01:01]}  Kh7 {[%clk 0:21:18]} 50. Qd7 {[%clk 0:00:55]}  d5 {[%clk 0:20:18]} 51. Rf4 {[%clk 0:00:55]}  Qg6+ {[%clk 0:20:45]} 52. Rg4 {[%clk 0:01:21]}  Qf6 {[%clk 0:21:13]} 53. Rf4 {[%clk 0:01:39]}  Qg6+ {[%clk 0:21:40]} 54. Rg4 {[%clk 0:02:03]}  Qf6 {[%clk 0:22:06]} 55. Qd6 {[%clk 0:00:35]}  Nf7 {[%clk 0:19:26]} 56. Qf4 {[%clk 0:00:31]}  Qe7 {[%clk 0:19:55]} 57. Qd2 {[%clk 0:00:38]}  Nd6 {[%clk 0:20:18]} 58. b5 {[%clk 0:00:49]}  Nf5+ {[%clk 0:20:37]} 59. Kh3 {[%clk 0:01:08]}  Qa3 {[%clk 0:20:59]} 60. Rf4 {[%clk 0:00:44]}  Qxa4 {[%clk 0:18:29]} 61. Rxf5 {[%clk 0:00:39]}  exf5 {[%clk 0:18:53]} 62. Qf4 {[%clk 0:00:41]}  Qxb5 {[%clk 0:15:14]} 63. Qxf5+ {[%clk 0:01:05]}  Kg8 {[%clk 0:15:39]} 64. Qc8+ {[%clk 0:01:26]}  Kf7 {[%clk 0:16:06]} 65. Qc7+ {[%clk 0:01:48]}  Kg6 {[%clk 0:16:34]} 66. Qxa7 {[%clk 0:02:03]}  Qf1+ {[%clk 0:16:34]} 67. Kg3 {[%clk 0:02:24]}  Qg1+ {[%clk 0:16:51]} 68. Kh3 {[%clk 0:02:53]}  Qf2 {[%clk 0:16:30]} 69. h5+ {[%clk 0:02:13]}  Kf6 {[%clk 0:09:18]} 70. Qb6+ {[%clk 0:02:17]}  Kf5 {[%clk 0:07:58]} 71. Qg6+ {[%clk 0:02:45]}  Kf4 {[%clk 0:08:26]} 72. Qf7+ {[%clk 0:03:05]}  Ke3 {[%clk 0:08:54]} 73. Qxd5 {[%clk 0:03:21]}  Qg1 {[%clk 0:09:07]} 74. Qe4+ {[%clk 0:00:47]}  Kf2 {[%clk 0:09:33]} 75. Qf4 {[%clk 0:01:01]}  Qg2+ {[%clk 0:04:00]} 76. Kh4 {[%clk 0:01:25]}  g5+ {[%clk 0:04:23]} 77. hxg6 {[%clk 0:01:46]}  Qxg6 {[%clk 0:04:49]} 78. d5 {[%clk 0:01:40]}  Kf1 {[%clk 0:03:19]} 79. d6 {[%clk 0:01:05]}  Qe6 {[%clk 0:03:35]} 80. Kh5 {[%clk 0:00:58]}  Qe8+ {[%clk 0:02:40]} 81. Kxh6 {[%clk 0:01:08]}  Qh8+ {[%clk 0:03:06]} 82. Kg6 {[%clk 0:01:20]}  Qg8+ {[%clk 0:03:34]} 83. Kh5 {[%clk 0:01:05]}  Qe8+ {[%clk 0:02:31]} 84. Kg5 {[%clk 0:00:50]}  Qg8+ {[%clk 0:02:54]} 85. Kh5 {[%clk 0:01:18]}  Qe8+ {[%clk 0:03:20]} 86. Kg5 {[%clk 0:01:44]}  Qg8+ {[%clk 0:03:45]} 87. Kh4 {[%clk 0:01:30]}  Qh7+ {[%clk 0:04:09]} 88. Kg4 {[%clk 0:01:43]}  Qg6+ {[%clk 0:04:18]} 89. Qg5 {[%clk 0:01:59]}  Qxd6 {[%clk 0:04:40]} 90. Qc1+ {[%clk 0:01:33]}  Ke2 {[%clk 0:04:49]} 91. Qc2+ {[%clk 0:01:54]}  Ke3 {[%clk 0:05:02]} 92. Qe4+ {[%clk 0:02:18]}  Kf2 {[%clk 0:05:28]} 93. f4 {[%clk 0:02:00]}  Qd1+ {[%clk 0:05:53]} 94. Kg5 {[%clk 0:00:38]}  Qd8+ {[%clk 0:06:17]} 95. Kf5 {[%clk 0:00:57]}  Qf8+ {[%clk 0:06:32]} 96. Kg5 {[%clk 0:01:15]}  Qd8+ {[%clk 0:06:58]} 97. Kf5 {[%clk 0:01:13]}  Qf8+ {[%clk 0:07:26]} 98. Ke5 {[%clk 0:01:32]}  Qe7+ {[%clk 0:07:53]} 99. Kd4 {[%clk 0:01:51]}  Qb4+ {[%clk 0:08:20]} 100. Ke5 {[%clk 0:02:15]}  Qe7+ {[%clk 0:08:48]} 101. Kd4 {[%clk 0:02:40]}  Qb4+ {[%clk 0:09:15]} 102. Ke5 {[%clk 0:03:06]}  Qe7+ {[%clk 0:09:40]} 103. Kd4 {[%clk 0:02:52]} 1/2-1/2

[Event "Open"]
[Site "Maastricht, NL"]
[Date "2025.06.08"]
[Round "5"]
[White "Gijsen, Stief"]
[Black "Lahaye, Rick"]
[Result "1/2-1/2"]
[Board "6"]
[WhiteFideId "207535"]
[BlackFideId "1007092"]
[WhiteElo "2210"]
[BlackElo "2390"]
[WhiteTeam "BEL"]
[BlackTeam "NED"]
[WhiteClock "0:07:55"]
[BlackClock "0:12:54"]
[Variant "Standard"]

1. d4 {[%clk 1:30:55]}  d5 {[%clk 1:30:10]} 2. Nc3 {[%clk 1:31:13]}  Nf6 {[%clk 1:28:06]} 3. Bf4 {[%clk 1:31:32]}  c5 {[%clk 1:26:27]} 4. e4 {[%clk 1:31:35]}  e6 {[%clk 1:02:55]} 5. dxc5 {[%clk 1:27:39]}  Bxc5 {[%clk 0:57:30]} 6. e5 {[%clk 1:26:36]}  Nfd7 {[%clk 0:49:42]} 7. Qg4 {[%clk 1:26:07]}  Kf8 {[%clk 0:45:49]} 8. Nf3 {[%clk 1:13:14]}  Qb6 {[%clk 0:42:03]} 9. O-O-O {[%clk 1:10:14]}  h5 {[%clk 0:36:27]} 10. Qg5 {[%clk 1:04:55]}  Be7 {[%clk 0:33:49]} 11. Qg3 {[%clk 1:05:18]}  Nc6 {[%clk 0:33:50]} 12. h4 {[%clk 1:01:43]}  Nc5 {[%clk 0:24:06]} 13. Bd3 {[%clk 0:48:46]}  Nb4 {[%clk 0:23:35]} 14. Be3 {[%clk 0:36:59]}  Bd7 {[%clk 0:21:33]} 15. Kb1 {[%clk 0:33:28]}  Rc8 {[%clk 0:20:36]} 16. Ng5 {[%clk 0:31:52]}  Nbxd3 {[%clk 0:19:18]} 17. Rxd3 {[%clk 0:30:04]}  Qc7 {[%clk 0:18:17]} 18. Bxc5 {[%clk 0:24:18]}  Qxc5 {[%clk 0:18:41]} 19. Qf4 {[%clk 0:21:55]}  f5 {[%clk 0:16:45]} 20. Rc1 {[%clk 0:17:35]}  Qb4 {[%clk 0:16:21]} 21. Ne2 {[%clk 0:16:12]}  Qb6 {[%clk 0:06:29]} 22. Rb3 {[%clk 0:13:50]}  Qa6 {[%clk 0:06:44]} 23. Qd2 {[%clk 0:13:09]}  Bb5 {[%clk 0:03:35]} 24. Nf4 {[%clk 0:10:36]}  Rh6 {[%clk 0:04:04]} 25. Ngxe6+ {[%clk 0:09:51]}  Kg8 {[%clk 0:03:46]} 26. Nd4 {[%clk 0:08:47]}  Bc4 {[%clk 0:03:57]} 27. Nxf5 {[%clk 0:08:08]}  Bc5 {[%clk 0:03:52]} 28. Nxh6+ {[%clk 0:07:07]}  Qxh6 {[%clk 0:04:20]} 29. Rxb7 {[%clk 0:05:13]}  Qa6 {[%clk 0:04:49]} 30. Rb3 {[%clk 0:05:36]}  Rf8 {[%clk 0:05:18]} 31. g3 {[%clk 0:05:29]}  d4 {[%clk 0:05:47]} 32. Re1 {[%clk 0:04:58]}  Rf5 {[%clk 0:04:50]} 33. e6 {[%clk 0:04:55]}  Bxb3 {[%clk 0:05:18]} 34. axb3 {[%clk 0:03:54]}  Bd6 {[%clk 0:04:44]} 35. e7 {[%clk 0:01:56]}  Bxe7 {[%clk 0:05:11]} 36. Qxd4 {[%clk 0:01:40]}  Bf6 {[%clk 0:05:03]} 37. Qc4+ {[%clk 0:01:55]}  Qxc4 {[%clk 0:05:32]} 38. bxc4 {[%clk 0:02:21]}  Bxh4 {[%clk 0:06:01]} 39. Rh1 {[%clk 0:01:54]}  Bd8 {[%clk 0:06:02]} 40. Rxh5 {[%clk 0:02:01]}  g5 {[%clk 0:06:31]} 41. Nd3 {[%clk 0:02:03]}  a5 {[%clk 0:06:38]} 42. Rh6 {[%clk 0:01:07]}  Bf6 {[%clk 0:07:00]} 43. Rh1 {[%clk 0:01:17]}  Rf3 {[%clk 0:06:29]} 44. Re1 {[%clk 0:01:19]}  Bd4 {[%clk 0:06:47]} 45. Re4 {[%clk 0:01:19]}  Bf6 {[%clk 0:06:32]} 46. c5 {[%clk 0:01:38]}  Rf5 {[%clk 0:07:00]} 47. Rc4 {[%clk 0:01:43]}  Rd5 {[%clk 0:06:47]} 48. c6 {[%clk 0:01:56]}  Rd8 {[%clk 0:07:15]} 49. Rc5 {[%clk 0:01:44]}  a4 {[%clk 0:07:02]} 50. c7 {[%clk 0:00:58]}  Rc8 {[%clk 0:07:31]} 51. Rc4 {[%clk 0:00:57]}  a3 {[%clk 0:07:30]} 52. bxa3 {[%clk 0:01:03]}  Kf7 {[%clk 0:07:30]} 53. Nb4 {[%clk 0:00:48]}  Be5 {[%clk 0:07:29]} 54. f4 {[%clk 0:00:50]}  gxf4 {[%clk 0:07:41]} 55. gxf4 {[%clk 0:01:18]}  Bd6 {[%clk 0:08:09]} 56. Rc6 {[%clk 0:00:40]}  Ke6 {[%clk 0:08:25]} 57. f5+ {[%clk 0:00:39]}  Kd7 {[%clk 0:08:54]} 58. Rc4 {[%clk 0:01:01]}  Be5 {[%clk 0:09:23]} 59. Nd3 {[%clk 0:00:32]}  Bxc7 {[%clk 0:09:34]} 60. Ka2 {[%clk 0:00:33]}  Rb8 {[%clk 0:09:46]} 61. Rb4 {[%clk 0:00:45]}  Rf8 {[%clk 0:10:10]} 62. Rb5 {[%clk 0:01:07]}  Kc6 {[%clk 0:10:33]} 63. c4 {[%clk 0:01:17]}  Rh8 {[%clk 0:10:50]} 64. Kb3 {[%clk 0:01:32]}  Rh3 {[%clk 0:11:18]} 65. Kc3 {[%clk 0:01:52]}  Bg3 {[%clk 0:11:13]} 66. Rd5 {[%clk 0:02:02]}  Be1+ {[%clk 0:11:21]} 67. Kd4 {[%clk 0:02:05]}  Rh4+ {[%clk 0:11:44]} 68. Ke5 {[%clk 0:02:07]}  Bc3+ {[%clk 0:11:35]} 69. Ke6 {[%clk 0:02:33]}  Rh6 {[%clk 0:11:17]} 70. Ke7 {[%clk 0:02:34]}  Rh7+ {[%clk 0:11:22]} 71. Ke6 {[%clk 0:03:00]}  Rh6 {[%clk 0:11:48]} 72. Kf7 {[%clk 0:03:10]}  Rf6+ {[%clk 0:10:53]} 73. Ke7 {[%clk 0:03:23]}  Kc7 {[%clk 0:11:11]} 74. Nc5 {[%clk 0:02:19]}  Rh6 {[%clk 0:11:28]} 75. Ne4 {[%clk 0:01:59]}  Rh7 {[%clk 0:11:31]} 76. Ke6 {[%clk 0:02:10]}  Bb2 {[%clk 0:12:00]} 77. f6 {[%clk 0:01:47]}  Rh4 {[%clk 0:12:28]} 78. Ng5 {[%clk 0:00:32]}  Rh6 {[%clk 0:12:41]} 79. Rf5 {[%clk 0:00:46]}  Bxa3 {[%clk 0:13:09]} 80. c5 {[%clk 0:01:04]}  Kc6 {[%clk 0:13:13]} 81. Ne4 {[%clk 0:00:53]}  Rh4 {[%clk 0:13:42]} 82. Ng5 {[%clk 0:00:43]}  Bxc5 {[%clk 0:13:53]} 83. f7 {[%clk 0:00:40]}  Bf8 {[%clk 0:13:09]} 84. Rf3 {[%clk 0:00:39]}  Rh6 {[%clk 0:13:21]} 85. Kf5 {[%clk 0:00:44]}  Bg7 {[%clk 0:13:26]} 86. Kg4 {[%clk 0:00:41]}  Bf8 {[%clk 0:13:12]} 87. Re3 {[%clk 0:00:39]}  Kd7 {[%clk 0:12:56]} 88. Re8 {[%clk 0:00:58]}  Be7 {[%clk 0:13:12]} 89. f8=Q {[%clk 0:00:58]}  Bxf8 {[%clk 0:13:40]} 90. Rxf8 {[%clk 0:01:07]}  Ke7 {[%clk 0:13:37]} 91. Ra8 {[%clk 0:01:20]}  Rh1 {[%clk 0:13:19]} 92. Ra6 {[%clk 0:01:40]}  Rf1 {[%clk 0:13:41]} 93. Nf3 {[%clk 0:02:04]}  Rh1 {[%clk 0:13:56]} 94. Kf5 {[%clk 0:02:28]}  Rh5+ {[%clk 0:14:17]} 95. Ke4 {[%clk 0:02:51]}  Rh1 {[%clk 0:14:24]} 96. Kd5 {[%clk 0:03:05]}  Rd1+ {[%clk 0:14:34]} 97. Ke5 {[%clk 0:03:19]}  Kd7 {[%clk 0:14:21]} 98. Nd4 {[%clk 0:03:39]}  Kc7 {[%clk 0:14:49]} 99. Kd5 {[%clk 0:03:58]}  Kb7 {[%clk 0:14:44]} 100. Re6 {[%clk 0:04:06]}  Kc7 {[%clk 0:14:57]} 101. Rh6 {[%clk 0:03:54]}  Kb7 {[%clk 0:15:17]} 102. Rh3 {[%clk 0:04:01]}  Kb6 {[%clk 0:15:12]} 103. Rb3+ {[%clk 0:04:16]}  Kc7 {[%clk 0:15:28]} 104. Rb2 {[%clk 0:04:41]}  Rd3 {[%clk 0:14:57]} 105. Rb1 {[%clk 0:05:03]}  Kd8 {[%clk 0:13:57]} 106. Rb7 {[%clk 0:05:27]}  Rd1 {[%clk 0:14:16]} 107. Rh7 {[%clk 0:05:43]}  Ke8 {[%clk 0:14:20]} 108. Ra7 {[%clk 0:05:20]}  Kd8 {[%clk 0:14:01]} 109. Ke5 {[%clk 0:05:43]}  Kc8 {[%clk 0:14:09]} 110. Nf5 {[%clk 0:05:53]}  Re1+ {[%clk 0:13:47]} 111. Kf6 {[%clk 0:06:08]}  Kb8 {[%clk 0:13:55]} 112. Rh7 {[%clk 0:06:31]}  Kc8 {[%clk 0:13:55]} 113. Nd6+ {[%clk 0:06:39]}  Kd8 {[%clk 0:14:24]} 114. Nc4 {[%clk 0:07:00]}  Rc1 {[%clk 0:13:26]} 115. Ne5 {[%clk 0:07:25]}  Kc8 {[%clk 0:13:18]} 116. Ke6 {[%clk 0:07:49]}  Rc7 {[%clk 0:12:54]} 117. Rxc7+ {[%clk 0:07:55]} 1/2-1/2

[Event "Open"]
[Site "Maastricht, NL"]
[Date "2025.06.08"]
[Round "5"]
[White "Barzen, Pascal"]
[Black "Dinanath, Hrdya"]
[Result "1-0"]
[Board "7"]
[WhiteFideId "24653497"]
[BlackFideId "1087991"]
[WhiteTitle "FM"]
[BlackTitle "CM"]
[WhiteElo "2348"]
[BlackElo "2133"]
[WhiteTeam "GER"]
[BlackTeam "NED"]
[WhiteClock "0:03:59"]
[BlackClock "0:02:14"]
[Variant "Standard"]

1. e4 {[%clk 1:30:59]}  e5 {[%clk 1:30:56]} 2. Nf3 {[%clk 1:31:25]}  Nc6 {[%clk 1:31:18]} 3. Bc4 {[%clk 1:31:40]}  Bc5 {[%clk 1:31:38]} 4. c3 {[%clk 1:31:40]}  Nf6 {[%clk 1:31:55]} 5. d4 {[%clk 1:31:51]}  exd4 {[%clk 1:31:52]} 6. b4 {[%clk 1:31:52]}  Bb6 {[%clk 1:31:37]} 7. e5 {[%clk 1:32:08]}  d5 {[%clk 1:31:21]} 8. exf6 {[%clk 1:32:29]}  dxc4 {[%clk 1:31:35]} 9. Qe2+ {[%clk 1:32:47]}  Be6 {[%clk 1:31:48]} 10. b5 {[%clk 1:33:03]}  Nb4 {[%clk 1:29:51]} 11. cxb4 {[%clk 1:32:44]}  Qxf6 {[%clk 1:29:23]} 12. O-O {[%clk 1:31:08]}  O-O {[%clk 1:23:40]} 13. a4 {[%clk 1:28:41]}  a6 {[%clk 1:16:39]} 14. a5 {[%clk 1:26:44]}  Ba7 {[%clk 1:16:43]} 15. Qe4 {[%clk 1:25:37]}  axb5 {[%clk 1:04:23]} 16. Bf4 {[%clk 1:22:50]}  Qf5 {[%clk 0:55:06]} 17. Qxf5 {[%clk 1:21:20]}  Bxf5 {[%clk 0:55:31]} 18. Bxc7 {[%clk 1:20:09]}  Rac8 {[%clk 0:36:04]} 19. Na3 {[%clk 1:14:01]}  Bd3 {[%clk 0:32:02]} 20. Rfe1 {[%clk 1:10:33]}  Rxc7 {[%clk 0:31:10]} 21. Nxb5 {[%clk 1:10:58]}  Bb8 {[%clk 0:31:02]} 22. Nxc7 {[%clk 1:11:20]}  Bxc7 {[%clk 0:31:30]} 23. Nxd4 {[%clk 1:11:32]}  Rd8 {[%clk 0:27:10]} 24. Nb5 {[%clk 0:49:37]}  Bf4 {[%clk 0:27:01]} 25. Re7 {[%clk 0:46:14]}  Rb8 {[%clk 0:24:21]} 26. Rd1 {[%clk 0:35:57]}  g6 {[%clk 0:23:31]} 27. Rd7 {[%clk 0:35:39]}  Rc8 {[%clk 0:13:08]} 28. g3 {[%clk 0:32:08]}  Be5 {[%clk 0:11:20]} 29. Nd6 {[%clk 0:24:40]}  Bxd6 {[%clk 0:03:20]} 30. Rxd6 {[%clk 0:25:05]}  Rc7 {[%clk 0:03:44]} 31. Rc1 {[%clk 0:17:51]}  Re7 {[%clk 0:03:21]} 32. b5 {[%clk 0:14:48]}  Kg7 {[%clk 0:02:43]} 33. a6 {[%clk 0:12:30]}  bxa6 {[%clk 0:03:05]} 34. bxa6 {[%clk 0:12:55]}  Ra7 {[%clk 0:02:56]} 35. f3 {[%clk 0:12:27]}  Kf8 {[%clk 0:02:47]} 36. Kf2 {[%clk 0:10:05]}  Re7 {[%clk 0:02:28]} 37. Rd8+ {[%clk 0:09:29]}  Kg7 {[%clk 0:02:53]} 38. Ra1 {[%clk 0:09:42]}  Ra7 {[%clk 0:03:02]} 39. Ke3 {[%clk 0:10:05]}  h5 {[%clk 0:02:54]} 40. Kd4 {[%clk 0:10:24]}  Be2 {[%clk 0:03:04]} 41. Kc5 {[%clk 0:08:05]}  Bxf3 {[%clk 0:02:15]} 42. Kb6 {[%clk 0:06:01]}  Re7 {[%clk 0:02:33]} 43. Ra3 {[%clk 0:05:55]}  Bg2 {[%clk 0:02:33]} 44. Ra2 {[%clk 0:04:29]}  Bf3 {[%clk 0:02:42]} 45. a7 {[%clk 0:03:55]}  Re6+ {[%clk 0:02:41]} 46. Kc5 {[%clk 0:03:59]}  Rc6+ {[%clk 0:02:14]} 1-0

[Event "Open"]
[Site "Maastricht, NL"]
[Date "2025.06.08"]
[Round "5"]
[White "Koster, Chiel"]
[Black "Kurt, Sascha"]
[Result "1/2-1/2"]
[Board "8"]
[WhiteFideId "1047990"]
[BlackFideId "1082647"]
[BlackTitle "FM"]
[WhiteElo "2141"]
[BlackElo "2312"]
[WhiteTeam "NED"]
[BlackTeam "NED"]
[WhiteClock "0:47:38"]
[BlackClock "0:40:23"]
[Variant "Standard"]

1. c4 {[%clk 1:29:53]}  e5 {[%clk 1:29:04]} 2. Nc3 {[%clk 1:30:05]}  Nc6 {[%clk 1:29:30]} 3. Nf3 {[%clk 1:30:03]}  f5 {[%clk 1:29:48]} 4. d4 {[%clk 1:29:19]}  e4 {[%clk 1:29:52]} 5. d5 {[%clk 1:29:26]}  exf3 {[%clk 1:28:56]} 6. dxc6 {[%clk 1:29:42]}  fxg2 {[%clk 1:26:08]} 7. cxd7+ {[%clk 1:30:06]}  Qxd7 {[%clk 1:25:54]} 8. Qxd7+ {[%clk 1:30:30]}  Bxd7 {[%clk 1:26:17]} 9. Bxg2 {[%clk 1:30:52]}  O-O-O {[%clk 1:26:06]} 10. Be3 {[%clk 1:28:24]}  a6 {[%clk 1:24:07]} 11. O-O-O {[%clk 1:28:09]}  Nf6 {[%clk 1:21:39]} 12. Nd5 {[%clk 1:24:07]}  Nxd5 {[%clk 1:21:31]} 13. Bxd5 {[%clk 1:24:25]}  Be7 {[%clk 1:13:48]} 14. Bd4 {[%clk 1:18:40]}  Bg5+ {[%clk 1:11:02]} 15. e3 {[%clk 1:15:41]}  f4 {[%clk 0:55:02]} 16. Rdg1 {[%clk 1:11:30]}  Bf6 {[%clk 0:49:04]} 17. Bxf6 {[%clk 1:10:45]}  gxf6 {[%clk 0:49:33]} 18. exf4 {[%clk 1:10:19]}  Bc6 {[%clk 0:41:15]} 19. Bxc6 {[%clk 1:07:10]}  bxc6 {[%clk 0:41:43]} 20. Rd1 {[%clk 1:05:15]}  Rhg8 {[%clk 0:40:49]} 21. Rxd8+ {[%clk 1:03:25]}  Rxd8 {[%clk 0:40:23]} 22. Rd1 {[%clk 0:47:38]} 1/2-1/2

[Event "Open"]
[Site "Maastricht, NL"]
[Date "2025.06.08"]
[Round "5"]
[White "Kienitz, Andre"]
[Black "Kueppers, Timo"]
[Result "1-0"]
[Board "9"]
[WhiteFideId "24609064"]
[BlackFideId "16205820"]
[BlackTitle "FM"]
[WhiteElo "2124"]
[BlackElo "2295"]
[WhiteTeam "GER"]
[BlackTeam "GER"]
[WhiteClock "0:01:14"]
[BlackClock "0:06:10"]
[Variant "Standard"]

1. e4 {[%clk 1:30:56]}  c5 {[%clk 1:27:17]} 2. Nf3 {[%clk 1:31:15]}  d6 {[%clk 1:27:30]} 3. Bb5+ {[%clk 1:31:24]}  Bd7 {[%clk 1:27:55]} 4. Bxd7+ {[%clk 1:31:34]}  Nxd7 {[%clk 1:28:21]} 5. O-O {[%clk 1:31:27]}  Ngf6 {[%clk 1:28:47]} 6. Re1 {[%clk 1:31:34]}  e6 {[%clk 1:29:09]} 7. d4 {[%clk 1:29:55]}  cxd4 {[%clk 1:28:21]} 8. Nxd4 {[%clk 1:28:41]}  a6 {[%clk 1:28:05]} 9. c4 {[%clk 1:27:48]}  Be7 {[%clk 1:23:14]} 10. b3 {[%clk 1:26:05]}  O-O {[%clk 1:23:18]} 11. Nc3 {[%clk 1:25:55]}  Rb8 {[%clk 1:20:45]} 12. Bb2 {[%clk 1:22:58]}  Qa5 {[%clk 1:18:13]} 13. Qe2 {[%clk 1:21:38]}  Rfe8 {[%clk 1:14:23]} 14. Rad1 {[%clk 1:19:09]}  Bf8 {[%clk 1:14:17]} 15. Kh1 {[%clk 1:08:31]}  g6 {[%clk 1:11:38]} 16. f4 {[%clk 1:06:58]}  e5 {[%clk 1:08:02]} 17. fxe5 {[%clk 1:05:19]}  dxe5 {[%clk 1:07:39]} 18. Nc2 {[%clk 0:59:50]}  b5 {[%clk 1:03:00]} 19. Ne3 {[%clk 0:56:36]}  Bh6 {[%clk 0:36:44]} 20. cxb5 {[%clk 0:36:59]}  Bxe3 {[%clk 0:32:31]} 21. Qxe3 {[%clk 0:37:20]}  axb5 {[%clk 0:32:55]} 22. Rf1 {[%clk 0:32:16]}  Re6 {[%clk 0:22:42]} 23. Nd5 {[%clk 0:28:29]}  Rbe8 {[%clk 0:15:41]} 24. Qf3 {[%clk 0:19:56]}  Qxa2 {[%clk 0:13:47]} 25. Nc7 {[%clk 0:18:16]}  Qxb2 {[%clk 0:12:03]} 26. Nxe8 {[%clk 0:17:25]}  Rxe8 {[%clk 0:12:01]} 27. Rxd7 {[%clk 0:17:24]}  Re6 {[%clk 0:12:24]} 28. Rb7 {[%clk 0:15:01]}  Qd4 {[%clk 0:12:01]} 29. Rxb5 {[%clk 0:13:57]}  Qxe4 {[%clk 0:12:20]} 30. Qxe4 {[%clk 0:12:53]}  Nxe4 {[%clk 0:12:48]} 31. Rb7 {[%clk 0:11:16]}  Nd6 {[%clk 0:11:35]} 32. Rb6 {[%clk 0:09:52]}  Kf8 {[%clk 0:11:47]} 33. Ra1 {[%clk 0:08:20]}  e4 {[%clk 0:10:52]} 34. Kg1 {[%clk 0:08:03]}  Ke7 {[%clk 0:10:10]} 35. Ra7+ {[%clk 0:07:17]}  Kf6 {[%clk 0:10:30]} 36. Kf2 {[%clk 0:05:53]}  Ke5 {[%clk 0:10:52]} 37. Ke2 {[%clk 0:04:59]}  h6 {[%clk 0:09:24]} 38. Ra5+ {[%clk 0:04:57]}  Kd4 {[%clk 0:09:22]} 39. Rc6 {[%clk 0:03:36]}  f5 {[%clk 0:08:35]} 40. g3 {[%clk 0:03:05]}  Rf6 {[%clk 0:08:13]} 41. Ra1 {[%clk 0:02:17]}  g5 {[%clk 0:07:42]} 42. Rd1+ {[%clk 0:02:02]}  Ke5 {[%clk 0:08:08]} 43. Rc5+ {[%clk 0:02:01]}  Ke6 {[%clk 0:08:33]} 44. b4 {[%clk 0:01:23]}  f4 {[%clk 0:08:53]} 45. b5 {[%clk 0:01:30]}  e3 {[%clk 0:06:10]} 46. Rxd6+ {[%clk 0:01:14]} 1-0

[Event "Open"]
[Site "Maastricht, NL"]
[Date "2025.06.08"]
[Round "5"]
[White "Pauly, Carlo"]
[Black "Maes, Djad"]
[Result "1-0"]
[Board "10"]
[WhiteFideId "24673269"]
[BlackFideId "1061364"]
[WhiteTitle "FM"]
[WhiteElo "2278"]
[BlackElo "2037"]
[WhiteTeam "GER"]
[BlackTeam "NED"]
[WhiteClock "0:14:30"]
[BlackClock "0:26:11"]
[Variant "Standard"]

1. Nf3 {[%clk 1:30:30]}  Nf6 {[%clk 1:30:30]} 2. Ng1 {[%clk 1:30:30]}  Ng8 {[%clk 1:30:30]} 3. Nf3 {[%clk 1:30:30]}  Nf6 {[%clk 0:00:00]} 4. c4 {[%clk 1:31:12]}  e6 {[%clk 1:24:51]} 5. Nc3 {[%clk 1:31:07]}  d5 {[%clk 1:25:13]} 6. d4 {[%clk 1:31:27]}  Bb4 {[%clk 1:25:39]} 7. cxd5 {[%clk 1:31:34]}  exd5 {[%clk 1:26:01]} 8. Qa4+ {[%clk 1:31:08]}  Nc6 {[%clk 1:26:27]} 9. Bg5 {[%clk 1:28:02]}  h6 {[%clk 1:25:25]} 10. Bxf6 {[%clk 1:28:07]}  Qxf6 {[%clk 1:25:49]} 11. e3 {[%clk 1:27:46]}  O-O {[%clk 1:22:36]} 12. Rc1 {[%clk 1:18:29]}  a6 {[%clk 0:56:05]} 13. a3 {[%clk 1:13:41]}  Bxc3+ {[%clk 0:54:36]} 14. Rxc3 {[%clk 1:14:02]}  Bg4 {[%clk 0:54:21]} 15. Be2 {[%clk 1:13:19]}  Rfc8 {[%clk 0:54:08]} 16. h3 {[%clk 1:03:14]}  Bh5 {[%clk 0:40:15]} 17. Qb3 {[%clk 0:46:53]}  Ne7 {[%clk 0:36:59]} 18. Qxb7 {[%clk 0:39:48]}  Bxf3 {[%clk 0:37:04]} 19. Bxf3 {[%clk 0:35:21]}  Rab8 {[%clk 0:35:50]} 20. Qa7 {[%clk 0:35:08]}  Rxb2 {[%clk 0:36:19]} 21. Rxc7 {[%clk 0:27:07]}  Qd6 {[%clk 0:36:20]} 22. Rxc8+ {[%clk 0:20:38]}  Nxc8 {[%clk 0:36:43]} 23. Qc5 {[%clk 0:19:55]}  Rb1+ {[%clk 0:36:13]} 24. Bd1 {[%clk 0:20:18]}  Qxc5 {[%clk 0:36:15]} 25. dxc5 {[%clk 0:20:44]}  Rc1 {[%clk 0:36:34]} 26. Kd2 {[%clk 0:20:26]}  Rxc5 {[%clk 0:37:00]} 27. Bb3 {[%clk 0:20:12]}  Nd6 {[%clk 0:36:47]} 28. f3 {[%clk 0:19:11]}  Nf5 {[%clk 0:27:42]} 29. Re1 {[%clk 0:16:40]}  g6 {[%clk 0:25:36]} 30. Kd3 {[%clk 0:16:06]}  Rb5 {[%clk 0:25:32]} 31. Kc3 {[%clk 0:15:06]}  d4+ {[%clk 0:25:45]} 32. exd4 {[%clk 0:14:40]}  Nxd4 {[%clk 0:26:11]} 33. Bc4 {[%clk 0:14:30]} 1-0